<?xml version="1.0" encoding="UTF-8"?>
<record
    xmlns:xsi="http://www.w3.org/2001/XMLSchema-instance"
    xsi:schemaLocation="http://www.loc.gov/MARC21/slim http://www.loc.gov/standards/marcxml/schema/MARC21slim.xsd"
    xmlns="http://www.loc.gov/MARC21/slim">

  <leader>00712nam a2200205Ia 4500</leader>
  <controlfield tag="001">17622</controlfield>
  <controlfield tag="003">GE_BSU</controlfield>
  <controlfield tag="008">181216s||||||||xx |||||||||||||| ||und||</controlfield>
  <datafield tag="040" ind1=" " ind2=" ">
    <subfield code="c">GE_BSU</subfield>
  </datafield>
  <datafield tag="080" ind1=" " ind2=" ">
    <subfield code="a">69.057(035.3)</subfield>
  </datafield>
  <datafield tag="245" ind1=" " ind2=" ">
    <subfield code="a">&#x421;&#x43F;&#x440;&#x430;&#x432;&#x43E;&#x447;&#x43D;&#x438;&#x43A; &#x43C;&#x435;&#x445;&#x430;&#x43D;&#x438;&#x43A;&#x430; &#x442;&#x440;&#x430;&#x43D;&#x441;&#x43F;&#x43E;&#x440;&#x442;&#x43D;&#x43E;&#x433;&#x43E; &#x441;&#x442;&#x440;&#x43E;&#x438;&#x442;&#x435;&#x43B;&#x44C;&#x441;&#x442;&#x432;&#x430;.</subfield>
  </datafield>
  <datafield tag="245" ind1=" " ind2=" ">
    <subfield code="c">&#x41F;&#x43E;&#x434; &#x440;&#x435;&#x434;. &#x41A;.&#x410;.&#x421;&#x43E;&#x43A;&#x43E;&#x43B;&#x43E;&#x432;&#x430;, &#x440;&#x435;&#x434;. &#x417;.&#x410;.&#x41D;&#x435;&#x43A;&#x43B;&#x435;&#x434;&#x430;&#x435;&#x432;&#x430;.</subfield>
  </datafield>
  <datafield tag="250" ind1=" " ind2=" ">
    <subfield code="a">&#x418;&#x437;&#x434;. 2-&#x43E;&#x435;, &#x43F;&#x435;&#x440;&#x435;&#x440;. &#x438; &#x434;&#x43E;&#x43F;&#x43E;&#x43B;&#x43D;&#x435;&#x43D;&#x43D;&#x43E;&#x435;.</subfield>
  </datafield>
  <datafield tag="260" ind1=" " ind2=" ">
    <subfield code="a">&#x41C;.</subfield>
  </datafield>
  <datafield tag="260" ind1=" " ind2=" ">
    <subfield code="b">&#x422;&#x440;&#x430;&#x43D;&#x441;&#x43F;&#x43E;&#x440;&#x442;.</subfield>
  </datafield>
  <datafield tag="260" ind1=" " ind2=" ">
    <subfield code="c">1996.</subfield>
  </datafield>
  <datafield tag="300" ind1=" " ind2=" ">
    <subfield code="a">640 &#x441;&#x442;&#x440;. 21 &#x441;&#x43C;.</subfield>
  </datafield>
  <datafield tag="653" ind1=" " ind2=" ">
    <subfield code="a">&#x421;&#x43F;&#x440;&#x430;&#x432;&#x43E;&#x447;&#x43D;&#x438;&#x43A; &#x43C;&#x435;&#x445;&#x430;&#x43D;&#x438;&#x43A;&#x430; &#x442;&#x440;&#x430;&#x43D;&#x441;&#x43F;&#x43E;&#x440;&#x442;&#x43D;&#x43E;&#x433;&#x43E; &#x441;&#x442;&#x440;&#x43E;&#x438;&#x442;&#x435;&#x43B;&#x44C;&#x441;&#x442;&#x432;&#x430;.</subfield>
  </datafield>
  <datafield tag="942" ind1=" " ind2=" ">
    <subfield code="c">BK</subfield>
  </datafield>
  <datafield tag="999" ind1=" " ind2=" ">
    <subfield code="c">50671</subfield>
    <subfield code="d">50671</subfield>
  </datafield>
  <datafield tag="952" ind1=" " ind2=" ">
    <subfield code="0">0</subfield>
    <subfield code="1">0</subfield>
    <subfield code="4">0</subfield>
    <subfield code="7">0</subfield>
    <subfield code="9">69340</subfield>
    <subfield code="d">2018-12-17</subfield>
    <subfield code="p">10258</subfield>
    <subfield code="r">2018-12-17</subfield>
    <subfield code="w">2018-12-17</subfield>
    <subfield code="y">BK</subfield>
  </datafield>
</record>
